|
|
|
|
| LEADER |
00000nam a2200000 a 4500 |
| 001 |
vtls001368150 |
| 003 |
SK-MaSNL |
| 005 |
20260301161056.0 |
| 008 |
251124s1997 US r y 0 eng |
| 020 |
|
|
|c [20,00]
|
| 035 |
|
|
|a SNK000321850
|
| 040 |
|
|
|a SNK
|b slo
|c SNK
|e AACR2
|
| 044 |
|
|
|a US
|
| 080 |
|
|
|a 342.4(73)(091)
|2 1981
|
| 245 |
1 |
4 |
|a The constitution of the United States ; and, The declaration of independence
|
| 250 |
|
|
|a 19. (repr.)
|
| 260 |
|
|
|a Washington
|b U.S. Gkovernment Printing Office Superintendent of Documents
|c 1997
|
| 300 |
|
|
|a 46 s.
|c 16 cm
|
| 500 |
|
|
|a Obalový názov
|
| 650 |
0 |
7 |
|a ústavné právo
|2 SNKPH
|9 2256
|
| 651 |
|
7 |
|a Amerika
|2 SNKPHgeo
|9 43943
|
| 999 |
|
|
|c 807995
|d 809925
|
| 952 |
|
|
|t P60, <04>, [BOOK], {604}
|a SNK
|b SNK
|y VYP
|7 0
|p 17A0200652
|o snkOID 3782
|i snkV 1036/99
|0 0
|1 0
|4 0
|d 1999-07-21
|l 0
|r 2005-01-02 00:00:00
|w 2026-02-24
|